Corporate finance governance, and business cycles : Theory and internatonal comparisons

Tallennettuna:
Bibliografiset tiedot
Päätekijä: Krainer, Robert E.
Aineistotyyppi: Kirja
Kieli:Undetermined
Julkaistu: New York Elsevier 2003
Aiheet:
Tagit: Lisää tagi
Ei tageja, Lisää ensimmäinen tagi!
Thư viện lưu trữ: Trung tâm Học liệu Trường Đại học Cần Thơ
LEADER 00624nam a2200217Ia 4500
001 CTU_93932
008 210402s9999 xx 000 0 und d
020 |c 93.10 
082 |a 338.5 
082 |b K89 
100 |a Krainer, Robert E. 
245 0 |a Corporate finance governance, and business cycles : 
245 0 |b Theory and internatonal comparisons 
245 0 |c Robert E. Krainer 
260 |a New York 
260 |b Elsevier 
260 |c 2003 
650 |a Business cycles,Corporations,Corporate governance 
650 |x Finance 
904 |i Tuyến 
980 |a Trung tâm Học liệu Trường Đại học Cần Thơ